| 000 | 00000nam##2200000za#4500 |
| 001 | 9.581069 |
| 003 | CaOODSP |
| 005 | 20210624191337 |
| 007 | cr ||||||||||| |
| 008 | 150406|2003||||xxc|||||o f|0| 0 eng|d |
| 040 | |aCaOODSP|beng |
| 043 | |an-cn--- |
| 086 | 1 |aNH18-22/103-113E-PDF |
| 110 | 2 |aCanada Mortgage and Housing Corporation. |
| 245 | 10|aDawson City demonstration monitoring northern ventilation |h[electronic resource] |
| 250 | |aRevised 2006 |
| 260 | |aOttawa - Ontario : |bCanada Mortgage and Housing Corporation |cc2003, 2006. |
| 300 | |a4p.|bfigs. |
| 490 | 1 |aResearch highlight. Technical series |v03-113 |
| 500 | |aFile reproduced from original print. |
| 590 | |a14-19-Supp|b2014-11-03 |
| 775 | 08|tSuivi du projet de démonstration de Dawson City - Ventilation dans les régions nordiques |w(CaOODSP)9.607933 |
| 830 | #0|aResearch highlight. Technical series ;|v03-113|w(CaOODSP)9.504482 |
| 856 | 40|ahttp://publications.gc.ca|qPDF|s685 KB|uhttps://publications.gc.ca/collections/collection_2014/schl-cmhc/NH18-22-103-113-eng.pdf|y03-113 |